Diseño de alcantarillado sanitario convencional de la ciudad de Dolores Carazo
Presenta el diseño de alcantarillado sanitario convencional de la ciudad de Dolores Carazo en el cual se realizó un estudio socioeconómico de la población y proyectarlo a 20 años así como un diseño de la red alcantarillado sanitario y planta de tratamiento de aguas residuales que cumpla con l...
| Main Authors: | , |
|---|---|
| Other Authors: | |
| Format: | Tesis Section = Libro |
| Language: | Undetermined Spanish |
| Published: |
Managua
UNI
2018
|
| Subjects: |
| LEADER | 01226nam a2200265Ia 4500 | ||
|---|---|---|---|
| 008 | 240830s9999 xx 000 0 und d | ||
| 040 | |a BIBLIOTECA-RUPAP Mon 628.2 C957 | ||
| 041 | |a spa | ||
| 082 | |a Mon 628.2 C957 | ||
| 100 | 1 | |a Cruz Poveda, Arlett Jannete | |
| 100 | 1 | |b Espinoza Sandoval, Randall Evelio | |
| 245 | 1 | 0 | |a Diseño de alcantarillado sanitario convencional de la ciudad de Dolores Carazo |
| 260 | |a Managua |b UNI |c 2018 | ||
| 300 | |a 73 p. :il. | ||
| 500 | |a Contiene anexos y CD | ||
| 502 | |a Tesis (Ingeniero Civil)- UNI, 2018. | ||
| 520 | 3 | |a Presenta el diseño de alcantarillado sanitario convencional de la ciudad de Dolores Carazo en el cual se realizó un estudio socioeconómico de la población y proyectarlo a 20 años así como un diseño de la red alcantarillado sanitario y planta de tratamiento de aguas residuales que cumpla con los parámetros y normas de diseño nacional. | |
| 650 | 7 | |a ALCANTARILLADO SANITARIO – DISEÑO Y CONSTRUCCION | |
| 650 | 7 | |b RED DE ALCANTARILLADO SANITARIO | |
| 650 | 7 | |c PLANTA DE TRATAMIENTO DE AGUAS RESIDUALES | |
| 650 | 7 | |d IMPACTO AMBIENTAL | |
| 700 | 1 | |a Tutor: |b Maldonado Baltonado, José Angel | |
| 942 | |c BK |2 ddc | ||
| 991 | |a TESIS | ||
| 999 | |c 16306 | ||